000 00818nam a22002417a 4500
001 11503
003 BD-RjUL
005 20211208235134.0
008 140127s1966 enk||||| b||| 00| 0 eng d
035 _a(BD-RjUL)11552
040 _aBD-RjUL
_beng
_cBD-RjUL
041 _aeng
082 0 4 _222
_a423
_bLIP 1966
110 _aLibrary Association
_bAnnual Conference
_935588
245 0 0 _aProceedings of the 14th annual conference, Cardiff, April 1st-4th, 1966 /
_cPaul Kirwan; Library Association. Annual Conference.
260 _aLondon :
_bThe Library Association, Reference, Special and Information Section,
_c1966.
300 _a48 p. ;
_c22 cm.
504 _aIncludes bibliography.
650 0 _aReferencearbejde.
_935581
650 0 _aStorbritannien.
_935582
700 1 _aKirwan, Paul.
_935583
942 _2ddc
_cBK
999 _c11503
_d11503